<?xml version="1.0" encoding="UTF-8"?>
<marc:record xmlns:marc="http://www.loc.gov/MARC21/slim">
   <marc:leader>00000nam a2200000 a 4500</marc:leader>
   <marc:datafield ind1="1" ind2=" " tag="100">
      <marc:subfield code="a">Davis, John A.</marc:subfield>
      <marc:subfield code="4">drt</marc:subfield>
      <marc:subfield code="e">Regisseur/-in</marc:subfield>
   </marc:datafield>
   <marc:datafield ind1="0" ind2="0" tag="245">
      <marc:subfield code="a">Lucas der Ameisenschreck</marc:subfield>
   </marc:datafield>
   <marc:datafield ind1=" " ind2="1" tag="264">
      <marc:subfield code="a">Hamburg</marc:subfield>
      <marc:subfield code="b">Warner Home Video GmbH</marc:subfield>
      <marc:subfield code="c">2008</marc:subfield>
   </marc:datafield>
   <marc:datafield ind1="1" ind2=" " tag="520">
      <marc:subfield code="a">Wenn man klein ist wie eine Ameise, wirkt die Welt sehr groß und noch größer ist das Abenteuer! Das muss der halbwüchsige Lucas erfahren, als er mit einem Wasserschlauch das Zuhause einiger Ameisen unter Wasser setzt. Als Vergeltung verabreichen sie ihm ein Zaubermittel, das den Zerstörer auf ihre Größe schrumpfen lässt und den Ameisenhaufen in einen Berg voll spannender Action und urkomischer Gags verwandelt! Julia Roberts, Nicolas Cage, Meryl Streep und Paul Giamatti sprechen im Original die Heldinnen und Helden dieses übermütigen, herzlichen Familienvergnügens. Im Deutschen leiht Barbara Schöneberger der Ameise Hova ihre Stimme.</marc:subfield>
   </marc:datafield>
   <marc:datafield ind1=" " ind2=" " tag="020">
      <marc:subfield code="a">9781925012057</marc:subfield>
      <marc:subfield code="9">9781925012057</marc:subfield>
   </marc:datafield>
   <marc:datafield ind1=" " ind2=" " tag="041">
      <marc:subfield code="a">ger</marc:subfield>
   </marc:datafield>
   <marc:datafield ind1=" " ind2=" " tag="338">
      <marc:subfield code="a">Videodisk</marc:subfield>
   </marc:datafield>
   <marc:datafield ind1=" " ind2=" " tag="300">
      <marc:subfield code="a">1 DVD, 85 Min.</marc:subfield>
   </marc:datafield>
</marc:record>
